Ведомости об оценке заложенных в 1880-1883 гг. имениях Вилейского, Виленского, Дисненского, Лидского, Ошмянского, Свенцянского, ...

Доступно только в Электронных читальных залах Найти на картеНа карте
RUSMARC
00003529nmc2a2200000 x 450
001e2024172-154a-4fc5-8d21-6bb109afa858
00520160106180247.0
100##$a20150324l18611895k l0rusy0189 ca
1010#$arus
102##$aRU
2001#$aВедомости об оценке заложенных в 1880-1883 гг. имениях Вилейского, Виленского, Дисненского, Лидского, Ошмянского, Свенцянского, Трокского уездов Виленской губернии
$j[1861-1895] гг.
251##$cДело
300##$aДело
801#0$aRU
$bРГИА
$c20150324
$gRCR
801#1$aRU
$bГлавНИВЦ
$c20150324
$2rusmarc
801#2$aRU
$bПБ им. Б.Н. Ельцина
$c20160106
$gRCR
$2rusmarc
850##$aРГИА
852##$aРГИА
$eФедеральное казенное учреждение "Российский государственный исторический архив" (РГИА)
$j2707
937##$hРГИА
$d11292970
$aASBIBLIO_SCAN
462#0$10013826a62a-52d3-408e-b545-2019664385f0
$12001
$a1861-1895 гг.
$1251
$cОпись
$1852
$j50
461#0$10018ef30ad5-ff5c-4840-a721-74c62a200f95
$12001
$aГлавное выкупное учреждение Министерства финансов
$1251
$cФонд
$1852
$j577
215##$a39 л.
$d49,5х29 см
371##$aДокумент не является опубликованным и широко распространяемым
1222#$ad
105##$ay###
035##$ae2024172-154a-4fc5-8d21-6bb109afa858
Формат отображения